Software engineering: methods and management (Record no. 76591)

MARC details
000 -LEADER
fixed length control field 00386nam a2200145Ia 4500
008 - FIXED-LENGTH DATA ELEMENTS--GENERAL INFORMATION
fixed length control field 230917s9999||||xx |||||||||||||| ||und||
040 ## - CATALOGING SOURCE
-- 62997
Original cataloging agency VIVEKANANDA LIBRARY
041 ## - Language
-- English
082 ## - DDC NUMBER
Classification number 005.1 M455S
100 ## - MAIN ENTRY--PERSONAL NAME
Personal name Mayrhauser, Anneliese Von
245 #0 - TITLE STATEMENT
Title Software engineering: methods and management
260 ## - PUBLICATION, DISTRIBUTION, ETC. (IMPRINT)
Place of publication, distribution, etc Boston
Name of publisher, distributor, etc Academic Press
Date of publication, distribution, etc 1990
300 ## - PHYSICAL DESCRIPTION
Pages xxviii, 864 p.
942 ## - ADDED ENTRY ELEMENTS (KOHA)
Koha item type Books
Holdings
Withdrawn status Lost status Damaged status Not for loan Location (home branch) Sublocation or collection (holding branch) Date acquired Koha issues (times borrowed) Koha full call number Accession No. Koha date last seen Koha item type Shelving location
        VIVEKANANDA LIBRARY VIVEKANANDA LIBRARY 26/05/2012   005.1 M455S 152021 17/09/2023 Books  
        VIVEKANANDA LIBRARY VIVEKANANDA LIBRARY 26/05/2012   005.1 M455S 163932 17/09/2023 Books UIET Library
© Designed and Maintained by Vivekananda Library, MDU Rohtak